000 00259nam a2200109Ia 4500
008 220204s9999 xx 000 0 und d
082 _a82-3
_bDRU
100 _aDrury, Allen
245 0 _aCome Nineveh, come tyre
260 _aNew York
_bAvon
_c1974
942 _cBK
999 _c31029
_d31029